[Event "2009 Canadian Youth Chess Championship"]
[Site "Victoria Canada"]
[EventDate "2009.07.21"]
[Date "2009.07.21"]
[Round "2"]
[White "Prysiazny, Michael"]
[WhiteTitle "-"]
[WhiteElo "2007"]
[Black "Wu, Allan"]
[BlackTitle "-"]
[BlackElo "1867"]
[Result "1-0"]
[Source "MonRoi"]

1. e4 c5 2. Nf3 Nc6 3. Nc3 d6 4. d4 cxd4 5. Nxd4 Nf6 6. Bg5 e5 7. Ndb5 a6 8. Na3 b5 9. Nd5 Be7 10. Bxf6 Bxf6 11. c3 Ne7 12. Nc2 Nxd5 13. Qxd5 Rb8 14. Nb4 Be6 15. Qc6 Qd7 16. Qxd7 Kxd7 17. Nxa6 Rb6 18. Nb4 Ra8 19. Be2 Rb7 20. O-O Bg5 21. Rfd1 f5 22. Bf3 f4 23. Rd2 Rba7 24. Rad1 Be7 25. a3 Bb3 26. Bg4+ Ke8 27. Re1 g6 28. Bd1 Be6 29. Be2 Rb7 30. Bd3 Kd7 31. Bb1 Rc7 32. Ba2 Bxa2 33. Nxa2 Rc4 34. Nb4 Bd8 35. Red1 Be7 36. Nd5 Ra6 37. f3 Rc8 38. Nb4 Ra7 39. Rd5 Rb7 40. Nd3 Ke8 41. Nf2 h5 42. Nd3 Kf7 43. Kf2 Ke6 44. Nb4 g5 45. R5d2 Rb6 46. Nd5 Ra6 47. Nxe7 Kxe7 48. Rd5 Rb6 49. g3 Rg8 50. Rg1 Kf7 51. h4 fxg3+ 52. Rxg3 Kf6 53. hxg5+ Rxg5 54. f4 Rxg3 55. Kxg3 Ke6 56. f5 Ke7 57. Kh4 Rb8 58. Kxh5 Rh8+ 59. Kg4 Rg8 60. Kf3 Rb8 61. Ke3 Rb6 62. Kd3 Kd7 63. Kc2 Kc6 64. b4 Rb7 65. Kb3 Rh7 66. Rd3 Rh4 67. Re3 Rf4 68. a4 bxa4 69. Kxa4 d5 70. Ka5 Rxe4 71. b5+ Kd7 72. Rxe4 dxe4 73. b6 e3 74. b7 Kc7 75. Ka6 e2 76. Ka7 e1Q 77. b8Q Kd7 78. Qb7+ Kd6 79. Qb4+ Kd7 80. Kb8 e4 81. Qd4+ Kc6 82. Qf6+ Kc5 83. Kc7 Kc4 84. Qd4+ Kb3 85. Qb4 Kc2 86. Qa4 Kd3 87. Qd4 Kc2 88. f6 Qg3 89. Kd7 e3 90. f7 e2 91. f8Q  1-0

[Event "2009 Canadian Youth Chess Championship"]
[Site "Victoria Canada"]
[EventDate "2009.07.21"]
[Date "2009.07.21"]
[Round "2"]
[White "McCullough, David"]
[WhiteTitle "-"]
[WhiteElo "1293"]
[Black "Farias, Durval"]
[BlackTitle "-"]
[BlackElo "828"]
[Result "1-0"]
[Source "MonRoi"]

1. d4 e6 2. c4 c5 3. d5 exd5 4. cxd5 d6 5. Nc3 Nf6 6. e4 g6 7. Bg5 h6 8. Bf4 Nh5 9. Bb5 Bd7 10. Nge2 a6 11. Bxd7 Nxd7 12. a4 Bg7 13. Bxd6 b6 14. O-O Nf8 15. Bxf8 Bxf8 16. e5 Bg7 17. f4 O-O 18. g4 Qh4 19. gxh5 Qg4 20. Ng3 Qxd1 21. Raxd1 b5 22. axb5 axb5 23. Nxb5 Ra2 24. hxg6 Rxb2 25. gxf7 Kxf7 26. Nd6 Kg8 27. Rc1 Bxe5 28. fxe5 Rxf1 29. Nxf1 h5 30. Rxc5 h4 31. Rc7 h3 32. Ne4 Rg2 33. Kh1 Re2 34. Neg3 Rxe5 35. d6 Kf8 36. Re7 Rd5 37. Rh7 Rxd6 38. Rxh3 Ke7 39. Nf5 Ke6 40. Nxd6 Kxd6 41. Rg3 Kd5 42. h4 Kd4 43. h5 Ke4 44. h6 Kd4 45. h7 Ke4 46. h8Q Kf4 47. Qh4 Kf5 48. Rg5 Kf6 49. Qh6 Kf7 50. Rg7 Kf8 51. Qh8  1-0

[Event "2009 Canadian Youth Chess Championship"]
[Site "Victoria Canada"]
[EventDate "2009.07.21"]
[Date "2009.07.21"]
[Round "2"]
[White "Sirkovich, Daniel"]
[WhiteTitle "-"]
[WhiteElo "1292"]
[Black "Awatramani, Janak"]
[BlackTitle "-"]
[BlackElo "1761"]
[Result "0-1"]
[Source "MonRoi"]

1. e4 b6 2. Nf3 Bb7 3. Nc3 e6 4. d4 Nf6 5. Bg5 Be7 6. Bxf6 Bxf6 7. e5 Be7 8. g3 O-O 9. Bd3 f5 10. exf6 Bxf6 11. Ne4 d5 12. Nxf6 Qxf6 13. Qe2 Qxf3 14. Qxf3 Rxf3 15. Rf1 Nc6 16. Be2 Rf6 17. O-O-O Raf8 18. f4 Nb4 19. a3 Ba6 20. Bxa6 Nxa6 21. h4 h5 22. Rd3 g6 23. Rdf3 Rc8 24. Rg1 c5 25. dxc5 Nxc5 26. g4 Rxf4 27. Rfg3 Ne4 28. R3g2 Rxg4 29. Rxg4 hxg4 30. Rxg4 Kh7 31. Rf4 Kg7 32. Rg4 Rf8 33. Kb1 Rf1 34. Ka2 Rf2 35. h5 g5 36. a4 Rxc2 37. Kb1 Rc4 38. Ka1 Kh6 39. Rg2 Rxa4 40. Kb1 Rd4 41. b3 g4 42. Ka2 Rd2 43. Rxd2 Nxd2 44. b4 g3 45. b5 g2 46. Ka3 g1Q 47. Ka4 Qd4 48. Ka3 Qc3  0-1

[Event "2009 Canadian Youth Chess Championship"]
[Site "Victoria Canada"]
[EventDate "2009.07.21"]
[Date "2009.07.21"]
[Round "2"]
[White "Hoffner, Noah"]
[WhiteTitle "-"]
[WhiteElo "1156"]
[Black "Lamothe, Zachari"]
[BlackTitle "-"]
[BlackElo "840"]
[Result "0-1"]
[Source "MonRoi"]

1. d4 Nc6 2. d5 Nb4 3. a3 Na6 4. e4 c6 5. Bxa6 bxa6 6. dxc6 dxc6 7. Qxd8 Kxd8 8. Nf3 Bg4 9. Ne5 Bc8 10. Nxf7 Ke8 11. Nxh8 e5 12. O-O Bc5 13. b4 Bd4 14. Ra2 Be6 15. Rb2 Bxb2 16. Bxb2 Ba2 17. Nd2 Nf6 18. Bxe5 Nd7 19. Bxg7 Ke7 20. c4 c5 21. Ra1 Bxc4 22. Nxc4 cxb4 23. axb4 Nb8 24. Rd1 Nc6 25. Rd5 Nxb4 26. Re5 Kd7 27. Ra5 Nd3 28. Rd5 Kc7 29. Rxd3 Rb8 30. h3 Rb1 31. Kh2 a5 32. Nxa5 Ra1 33. Be5 Kb6 34. Bxa1 Kxa5 35. Rb3 a6 36. Bc3 Ka4 37. Rb4 Ka5 38. Rb7 Ka4 39. Rxh7 a5 40. Bxa5 Kxa5 41. Rb7 Ka6 42. Rb1 Ka5 43. e5 Ka6 44. e6 Ka5 45. e7 Ka4 46. e8Q  0-1

[Event "2009 Canadian Youth Chess Championship"]
[Site "Victoria Canada"]
[EventDate "2009.07.21"]
[Date "2009.07.21"]
[Round "2"]
[White "Powell, Ashley"]
[WhiteTitle "-"]
[WhiteElo "1300"]
[Black "Schwab, Katerina"]
[BlackTitle "-"]
[BlackElo "1128"]
[Result "0-1"]
[Source "MonRoi"]

1. e4 e5 2. Nf3 Nc6 3. Bc4 Nd4 4. Nxd4 exd4 5. Qf3 Qf6 6. Qxf6 Nxf6 7. d3 Bd6 8. O-O O-O 9. Bg5 Ng4 10. h3 Ne5 11. Nd2 Bb4 12. Nb3 Nxc4 13. dxc4 Re8 14. a3 f6 15. axb4 fxg5 16. Rfe1 d6 17. Nxd4 Bd7 18. Nf3 h6 19. e5 g4 20. hxg4 Bxg4 21. exd6 Rxe1+ 22. Rxe1 cxd6 23. Nd4 Rd8 24. f3 Bc8 25. Nb5 a6 26. Nc3 Bf5 27. Ne4 Re8 28. g4 Bg6 29. Kf2 Re6 30. c5 d5 31. Nc3 Rxe1 32. Kxe1 d4 33. Ne2 Bxc2 34. Nxd4 Ba4 35. b3 Be8 36. Ke2 Kf7 37. Kd3 Ke7 38. Kc4 Bf7 39. Kd3 Bd5 40. b5 axb5 41. Nf5+ Kf6 42. Nd6 Bxf3 43. Nxb5 Kg5 44. Nd6 Kxg4 45. b4 h5 46. b5 h4 47. Ne4 Kf4 48. Nf2 g5 49. Nh3 Kf5 50. Ke3 g4 51. Ng1 Bd5 52. Kf2 h3 53. Kg3 Kg5 54. Nxh3 gxh3 55. Kxh3 Kf4 56. Kh4 Ke4 57. Kg3 Kd4 58. c6 b6 59. c7 Bb7 60. Kf4 Kd5 61. Ke3 Kc5 62. Kd3 Kxb5 63. Kc3 Kc6 64. Kb4 Kxc7 65. Kb5 Bc8 66. Kc4 Kc6 67. Kb4 Ba6 68. Ka4 Kc5 69. Kb3 b5 70. Kc3 Bc8 71. Kb3 Be6+ 72. Kc3 b4+ 73. Kb2 Kc4 74. Kc2 b3 75. Kb2 Kb4 76. Ka1 Kc3 77. Kb1 Bf5 78. Kc1 b2+ 79. Kd1 b1Q 80. Ke2 Qd3 81. Kf2 Kd2 82. Kg1 Qe2 83. Kh1 Ke3 84. Kg1 Kf3 85. Kh1 Qg2  0-1

[Event "2009 Canadian Youth Chess Championship"]
[Site "Victoria Canada"]
[EventDate "2009.07.21"]
[Date "2009.07.22"]
[Round "3"]
[White "Xiong, Jerry"]
[WhiteTitle "-"]
[WhiteElo "2166"]
[Black "Martchenko, Alexander"]
[BlackTitle "-"]
[BlackElo "2314"]
[Result "1-0"]
[Source "MonRoi"]

1. e4 c5 2. Nf3 Nc6 3. d4 cxd4 4. Nxd4 g6 5. Nc3 Bg7 6. Be3 Nf6 7. Bc4 O-O 8. h4 Qa5 9. O-O d6 10. f3 Bd7 11. Nce2 Rac8 12. Bb3 Ne5 13. c3 b5 14. Ng3 Nc4 15. Bxc4 bxc4 16. Qd2 Rfd8 17. Bh6 e5 18. Ndf5 Bxf5 19. Nxf5 gxf5 20. Bxg7 Nh5 21. Bf6 f4 22. Bxd8 Qxd8 23. g4 fxg3 24. Qg5 Qxg5 25. hxg5 Kh8 26. g6 Nf4 27. Rfd1 fxg6 28. Rxd6 Rc7 29. Rad1 h5 30. Rd8 Kg7 31. R8d7 Rxd7 32. Rxd7 Kh6 33. Rxa7 h4 34. Rd7 Nd3 35. Rd8 Kg5 36. a4 h3 37. a5 Kf4 38. Rh8 h2 39. Kg2 Ne1 40. Kh1 Kxf3 41. Rxh2 gxh2 42. Kxh2 Kf2 43. a6 g5 44. a7 g4 45. a8Q g3 46. Kh3 g2 47. Qa7 Kf1 48. Qf7 Kg1 49. Kg3 Kh1 50. Qh5 Kg1 51. Qxe5 Kf1 52. Qf4 Ke2 53. Qf2 Kd1 54. e5  1-0

[Event "2009 Canadian Youth Chess Championship"]
[Site "Victoria Canada"]
[EventDate "2009.07.21"]
[Date "2009.07.22"]
[Round "3"]
[White "Sohal, Tanraj S"]
[WhiteTitle "-"]
[WhiteElo "2072"]
[Black "Marinkovic, Mate"]
[BlackTitle "-"]
[BlackElo "2045"]
[Result "0-1"]
[Source "MonRoi"]

1. d4 d5 2. c4 c6 3. cxd5 cxd5 4. Nc3 Nf6 5. Bf4 e6 6. e3 Bd6 7. Bxd6 Qxd6 8. f4 Ne4 9. Bd3 Nxc3 10. bxc3 Nd7 11. Nf3 f6 12. Qc2 f5 13. Bb5 a6 14. Bxd7 Bxd7 15. O-O O-O 16. Rfb1 Qc7 17. Qb3 Rab8 18. Ne5 Rfc8 19. Qb6 Kf8 20. Qb4 Ke8 21. Rc1 Bb5 22. Rab1 Qe7 23. a4 Qxb4 24. Rxb4 Bd7 25. Rb6 Ke7 26. Nd3 Rc6 27. Rcb1 Rxb6 28. Rxb6 Bxa4 29. Nc5 Bc6 30. Nxa6 Ra8 31. Nb4 Kd6 32. Nxc6 Kc7 33. Rb3 Kxc6 34. Kf2 Ra2 35. Kf3 b5 36. h3 h5 37. Kg3 g6 38. Kh4 Rxg2 39. Ra3 Re2 40. Ra6 Kd7 41. Kg5 Rxe3 42. h4 Rg3 43. Kf6 Rxc3 44. Kxg6 Rf3 45. Kg5 b4 46. Ra7 Kd8 47. Ra6 Kd7 48. Ra7 Kd8 49. Ra6 Rg3 50. Kf6 Re3 51. Kg5 Rg3 52. Kf6 Re3 53. Kg5 b3 54. Rb6 Kc7 55. Rb4 Rf3 56. Kf6 Rxf4 57. Kxe6 Kc6 58. Rxb3 Rxd4 59. Kxf5 Rxh4 60. Ke5 Re4+ 61. Kf5 h4 62. Rb8 h3 63. Rh8 Re3 64. Rc8 Kd7 65. Rc2 Kd6 66. Kf4 d4 67. Rd2 Kd5 68. Rc2 Rc3 69. Rd2 Kc4 70. Ke4 Re3 71. Kf4 Kc3 72. Rh2 Kd3 73. Ra2 Re4 74. Kf3 Rh4 75. Ra3 Kc4 76. Ra1 h2 77. Rh1 Kd3 78. Kg3 Rh8 79. Kf3 Kc2 80. Ke4 d3 81. Ke3 d2 82. Ke2 Re8++ 83. Kf2 d1Q  0-1

[Event "2009 Canadian Youth Chess Championship"]
[Site "Victoria Canada"]
[EventDate "2009.07.21"]
[Date "2009.07.22"]
[Round "3"]
[White "Zhang, David"]
[WhiteTitle "-"]
[WhiteElo "1999"]
[Black "Li, Ruokai"]
[BlackTitle "-"]
[BlackElo "2012"]
[Result "1/2-1/2"]
[Source "MonRoi"]

1. e4 e6 2. d4 d5 3. exd5 exd5 4. Nf3 Bg4 5. h3 Bh5 6. Be2 Bd6 7. O-O Ne7 8. c3 O-O 9. Bg5 f6 10. Bd2 Nd7 11. c4 c6 12. Nc3 dxc4 13. Bxc4 Bf7 14. Bxf7 Rxf7 15. Qb3 Nb6 16. Ne4 Ned5 17. Rfe1 Kh8 18. Re2 Re7 19. Rae1 Qc7 20. Nh4 Bf4 21. Ba5 Rae8 22. g3 Be3 23. Nf5 Rxe4 24. Nxe3 Qd7 25. Qd3 Qe6 26. Bxb6 axb6 27. a3 f5 28. Kf1 f4 29. Nf5 Ne3 30. fxe3 Qxf5 31. exf4 Qxh3 32. Kf2 Qh2 33. Kf3 Qh5 34. Kf2 Rxe2 35. Rxe2 Rxe2 36. Qxe2 Qxe2 37. Kxe2 g6 38. a4 Kg7 39. Kf3 Kf6 40. Kg4 h5 41. Kh4 Kf5 42. b3 Ke4 43. Kg5 Kf3 44. Kxg6 Kxg3 45. f5 h4 46. f6 h3 47. f7 h2 48. f8Q h1Q 49. Qb8 Kg4 50. Qc8 Kf4 51. Qc7 Ke3 52. Qxb6 Qe4 53. Kg5 Qf4 54. Kg6 Qe4 55. Kh6 Qf4 56. Kh7 Qf7  1/2-1/2

[Event "2009 Canadian Youth Chess Championship"]
[Site "Victoria Canada"]
[EventDate "2009.07.21"]
[Date "2009.07.22"]
[Round "3"]
[White "Farias, Durval"]
[WhiteTitle "-"]
[WhiteElo "828"]
[Black "Rathburn-Mackay, Hector"]
[BlackTitle "-"]
[BlackElo "1436"]
[Result "0-1"]
[Source "MonRoi"]

1. e3 g6 2. g4 Bg7 3. Bc4 d6 4. Qf3 e6 5. d4 Bd7 6. d5 e5 7. a4 Ne7 8. Bb5 O-O 9. Bxd7 Qxd7 10. h4 f5 11. g5 e4 12. Qh3 Nxd5 13. f3 Re8 14. Nc3 Nxc3 15. Bd2 Nd5 16. O-O-O Qxa4 17. Bc3 Bxc3 18. bxc3 Qa1 19. Kd2 Qxc3 20. Ke2 exf3 21. Kf1 Nxe3 22. Kf2 Nxd1 23. Kg3 f2 24. Kg2 fxg1Q 25. Rxg1 Re2 26. Kh1 Qxh3  0-1

[Event "2009 Canadian Youth Chess Championship"]
[Site "Victoria Canada"]
[EventDate "2009.07.21"]
[Date "2009.07.22"]
[Round "3"]
[White "Sirkovich, Daniel"]
[WhiteTitle "-"]
[WhiteElo "1292"]
[Black "Song, Michael"]
[BlackTitle "-"]
[BlackElo "1607"]
[Result "0-1"]
[Source "MonRoi"]

1. e4 c5 2. Nf3 Nc6 3. d4 cxd4 4. Nxd4 g6 5. Nc3 Bg7 6. Be3 Nf6 7. f3 O-O 8. Qd2 d5 9. O-O-O dxe4 10. fxe4 Ng4 11. Nxc6 Qxd2 12. Rxd2 bxc6 13. Nd1 Rb8 14. b3 Nxe3 15. Nxe3 Bh6 16. Re2 Rd8 17. h3 Ba6 18. Re1 Bxf1 19. Rhxf1 Rd4 20. Rf3 Rxe4 21. Kb1 Rb5 22. Kc1 Rbe5 23. Kd2 f5 24. g3 Kf7 25. c3 Rxe3 26. Rfxe3 Rxe3 27. Rxe3 Bxe3 28. Kxe3 e5 29. a4 Ke6 30. c4 c5 31. a5 Kd6 32. g4 f4 33. Ke4 Kc6 34. h4 Kb7 35. g5 Ka6 36. Kf3 Kxa5 37. Kg4 Kb4 38. h5 gxh5 39. Kxh5 f3 40. Kh6 f2 41. Kxh7 f1Q 42. g6 Qg2 43. g7 e4 44. g8Q Qh3 45. Kg7 Qg4 46. Kf8 Qxg8 47. Kxg8 e3 48. Kf8 e2 49. Kf7 e1Q 50. Kg8 Kxb3 51. Kg7 a5 52. Kf6 a4 53. Kf5 a3 54. Kf6 a2 55. Kf7 a1Q 56. Kf8 Kxc4 57. Kg8 Kd4 58. Kf8 c4 59. Kg8 Qa7 60. Kf8 Qb1 61. Ke8 Qbb8  0-1

[Event "2009 Canadian Youth Chess Championship"]
[Site "Victoria Canada"]
[EventDate "2009.07.21"]
[Date "2009.07.22"]
[Round "3"]
[White "Chiku-ratte, Oliver Kenta"]
[WhiteTitle "-"]
[WhiteElo "1284"]
[Black "Cao, Jason"]
[BlackTitle "-"]
[BlackElo "1032"]
[Result "1-0"]
[Source "MonRoi"]

1. d4 Nf6 2. c4 g6 3. Nc3 d5 4. cxd5 Nxd5 5. e4 Nxc3 6. bxc3 Bg7 7. Nf3 c5 8. Rb1 O-O 9. Be2 cxd4 10. cxd4 Nc6 11. d5 Ne5 12. Nxe5 Bxe5 13. f4 Bg7 14. O-O b6 15. Bb2 Bxb2 16. Rxb2 Bb7 17. Qd4 Rc8 18. Rd1 Qc7 19. e5 Qc5 20. d6 exd6 21. exd6 Rfd8 22. Qxc5 Rxc5 23. Rbd2 Kf8 24. a4 Ra5 25. Rd4 Bc6 26. Bf3 Bd7 27. Rc1 Rxa4 28. Rdd1 Rxf4 29. Rc7 Ra4 30. Rxd7 Rxd7 31. Bc6 Rd8 32. Bxa4 Kg7 33. d7 a6 34. Bc6 f5 35. Re1 b5 36. Re8 Rxd7 37. Bxd7 b4 38. Ra8 b3 39. Rxa6 b2 40. Rb6 b1Q 41. Rxb1 Kf6 42. Re1 Kg5 43. Kf2 f4 44. Kf3 h5 45. Re5 Kh4 46. Kxf4 g5 47. Kf3 g4 48. Kf4  1-0

[Event "2009 Canadian Youth Chess Championship"]
[Site "Victoria Canada"]
[EventDate "2009.07.21"]
[Date "2009.07.22"]
[Round "3"]
[White "Lamothe, Zachari"]
[WhiteTitle "-"]
[WhiteElo "840"]
[Black "Napieralski, Owen"]
[BlackTitle "-"]
[BlackElo "802"]
[Result "0-1"]
[Source "MonRoi"]

1. Nf3 d5 2. Nc3 Nc6 3. e4 dxe4 4. Nxe4 Bf5 5. Neg5 Nb4 6. Bb5 c6 7. Bd3 Bxd3 8. cxd3 Nxd3 9. Kf1 f6 10. Ne4 Nxc1 11. Rxc1 Qd3 12. Ke1 Qxe4 13. Kf1 O-O-O 14. d3 Rxd3 15. Qe2 Qxe2 16. Kxe2 Rd5 17. Rhd1 Rxd1 18. Rxd1 Nh6 19. b3 a5 20. a3 e5 21. b4 axb4 22. axb4 Bxb4 23. Ra1 Kb8 24. Ra4 c5 25. Kd3 Rd8 26. Ke2 b5 27. Ra5 Bxa5 28. Nh4 c4 29. Kf1 c3 30. Nf3 c2 31. Ne1 c1Q 32. g4 Qxe1 33. Kg2 Nxg4 34. h3 Qxf2 35. Kh1 Qh2  0-1

[Event "2009 Canadian Youth Chess Championship"]
[Site "Victoria Canada"]
[EventDate "2009.07.21"]
[Date "2009.07.22"]
[Round "3"]
[White "Xu, Jingzhi"]
[WhiteTitle "-"]
[WhiteElo "1040"]
[Black "Deng, Yi"]
[BlackTitle "-"]
[BlackElo "695"]
[Result "0-1"]
[Source "MonRoi"]

1. e4 e5 2. Nf3 Nc6 3. Nc3 Bb4 4. a3 Bxc3 5. dxc3 a6 6. Bg5 f6 7. Bh4 d6 8. Bc4 Nge7 9. Nd2 b5 10. Bb3 Na5 11. Qh5 Ng6 12. Bd5 c6 13. Bb3 Nxb3 14. Nxb3 O-O 15. O-O Nf4 16. Qf3 Qe8 17. Rfd1 Qg6 18. Rxd6 Bh3 19. Bg3 Bxg2 20. Qxg2 Nxg2 21. Kxg2 Qxe4 22. Kg1 Qxc2 23. Nc5 Qxb2 24. Rf1 Qxc3 25. Rxc6 Qxa3 26. Ne6 Rfe8 27. Nc7 Rec8 28. Nxa8 Rxc6 29. Rd1 Qf8 30. Bh4 Qxa8 31. Ra1 b4 32. Rb1 a5 33. f3 Rc4 34. Be1 Qxf3 35. Bf2 a4 36. Be1 b3 37. Ra1 b2 38. Rb1 a3 39. h4 a2 40. h5 axb1Q 41. Kh2 Rc2 42. Bf2 Rxf2  0-1

[Event "2009 Canadian Youth Chess Championship"]
[Site "Victoria Canada"]
[EventDate "2009.07.21"]
[Date "2009.07.22"]
[Round "3"]
[White "Ding, Jill"]
[WhiteTitle "-"]
[WhiteElo "1173"]
[Black "Hemmings, Sydney"]
[BlackTitle "-"]
[BlackElo "981"]
[Result "1-0"]
[Source "MonRoi"]

1. e4 d6 2. d4 Nd7 3. Nc3 g6 4. Nf3 Bg7 5. g3 e5 6. d5 Ngf6 7. Bg2 O-O 8. Be3 Nc5 9. Bg5 Qe8 10. Qe2 Bd7 11. h4 a6 12. Bxf6 Bxf6 13. h5 gxh5 14. Rxh5 Bg7 15. O-O-O Bb5 16. Qe3 a5 17. Qg5 f6 18. Qh4 Kf7 19. Rxh7 Rh8 20. Qh5++ Ke7 21. Rxg7+ Kd8 22. Qxe8+ Bxe8 23. Nh4 a4 24. Bh3 a3 25. b4 Na4 26. Nxa4 Rxa4 27. c3 Ra6 28. Bf5 Ba4 29. Rh1 Ra8 30. Rh7 Rxh7 31. Bxh7 Ke7 32. Bf5 Rg8 33. c4 b5 34. c5 dxc5 35. bxc5 b4 36. Ng6+ Kf7 37. Be6 Kg7 38. Bxg8 Kxg8 39. f4 b3 40. axb3 a2 41. Kb2 Bb5 42. fxe5 fxe5 43. Nxe5 c6 44. d6 Kf8 45. d7 Ke7 46. Rd1 Ke6 47. d8Q Be2 48. Qe8+  1-0

[Event "2009 Canadian Youth Chess Championship"]
[Site "Victoria Canada"]
[EventDate "2009.07.21"]
[Date "2009.07.22"]
[Round "3"]
[White "Macinnis, Maggie Rose"]
[WhiteTitle "-"]
[WhiteElo "876"]
[Black "Liu, Jiaxin"]
[BlackTitle "-"]
[BlackElo "847"]
[Result "1-0"]
[Source "MonRoi"]

1. e4 e5 2. Nc3 Nf6 3. Bc4# Nxe4 4. Nxe4 d5 5. Bxd5 Qxd5 6. d3 Bc5 7. Nf3 Bg4 8. h3 Bf5 9. O-O Bxe4 10. dxe4 Qxd1 11. Rxd1 O-O 12. Nxe5 Nc6 13. Nd7 Rfd8 14. Be3 Bxe3 15. fxe3 b6 16. a3 Re8 17. b4 Rxe4 18. Re1 Rd8 19. Rad1 h6 20. b5 Ne5 21. Nf6 gxf6 22. Rxd8 Kg7 23. Ra8 a5 24. bxa6 Ra4 25. Ra1 Nc4 26. a7 Nxe3 27. c3 b5 28. Re1 Nc2 29. Re7 c5 30. Rb8 Nxa3 31. a8Q Rxa8 32. Rxa8 b4 33. cxb4 cxb4 34. Raa7 Nc2 35. Rxf7 Kg6 36. Rg7 Kf5 37. Ra5 Ke6 38. Rb7 Kd6 39. Rb6 Kc7 40. Raa6 Kc8 41. Rc6 Kb7 42. Rab6 Ka7 43. Kf2 f5 44. Kf3 Ne1 45. Kf4 Nxg2 46. Ke5 f4 47. Kd6 Ne3 48. Ra6 Kb7 49. Rcb6 Kc8 50. Ra8  1-0

[Event "2009 Canadian Youth Chess Championship"]
[Site "Victoria Canada"]
[EventDate "2009.07.21"]
[Date "2009.07.22"]
[Round "4"]
[White "Marinkovic, Mate"]
[WhiteTitle "-"]
[WhiteElo "2045"]
[Black "Gusev, Nikita"]
[BlackTitle "-"]
[BlackElo "2138"]
[Result "0-1"]
[Source "MonRoi"]

1. e4 e5 2. Nc3 Nc6 3. Bc4 Nf6 4. d3 Na5 5. Bb3 Be7 6. f4 Nxb3 7. axb3 exf4 8. Bxf4 d6 9. Nf3 Bg4 10. O-O O-O 11. Qe1 c6 12. h3 Bh5 13. g4 Bg6 14. Nh4 Re8 15. Nxg6 hxg6 16. Qf2 b6 17. Be3 Rf8 18. Ra6 d5 19. exd5 Nxd5 20. Nxd5 Qxd5 21. Rfa1 f5 22. g5 f4 23. Bd4 c5 24. Bc3 f3 25. h4 Qd7 26. R6a4 Bd6 27. Re1 Bg3 28. Qxg3 f2 29. Kg2 fxe1Q 30. Qxe1 Rae8 31. Re4 Rxe4 32. Qxe4 Qf5 33. Qxf5 Rxf5 34. Be1 Kf7 35. Bg3 Ke6 36. Bh2 Rf7 37. Bg3 Kf5 38. Kf3 Rd7 39. Bf2 a5 40. Be3 Rd5 41. Bf2 Rd7 42. Be3 Rc7 43. Bf4 Rc8 44. Bd2 Ra8 45. Bc3 a4 46. Bxg7 axb3 47. cxb3 Ra7 48. Bf6 Rh7 49. Kg3 Rd7 50. d4 cxd4 51. Kf2 d3 52. Ke1 Kg4 53. Kd2 Kxh4 54. b4 b5 55. Kd1 Kg4 56. Kd2 Kf4 57. b3 Rd5 58. Be7 Ke4 59. Bf6 Rf5  0-1

[Event "2009 Canadian Youth Chess Championship"]
[Site "Victoria Canada"]
[EventDate "2009.07.21"]
[Date "2009.07.22"]
[Round "4"]
[White "Kaminski, Thomas"]
[WhiteTitle "-"]
[WhiteElo "2141"]
[Black "Han, Yifei"]
[BlackTitle "-"]
[BlackElo "1921"]
[Result "1-0"]
[Source "MonRoi"]

1. c4 Nf6 2. Nc3 e6 3. Nf3 d5 4. b3 c5 5. d3 Nc6 6. g3 Be7 7. Bg2 O-O 8. O-O d4 9. Nb1 e5 10. Nbd2 h6 11. a3 Bf5 12. Qc2 Qd7 13. Ne4 Bxe4 14. dxe4 Bd6 15. Bd2 a6 16. Ne1 Qe7 17. Nd3 Rfe8 18. Rfc1 Rac8 19. f3 Kh7 20. Bh3 Rb8 21. b4 b6 22. Qa4 Qc7 23. b5 axb5 24. cxb5 Ra8 25. Qb3 Na5 26. Bxa5 Rxa5 27. Nb2 Ra7 28. a4 Rea8 29. Nc4 Qd8 30. Rc2 Rb7 31. Rca2 Bc7 32. Rb1 Bd6 33. a5 bxa5 34. b6 a4 35. Rxa4 Rxa4 36. Qxa4 Kg8 37. Qc6 Qa8 38. Nxd6 Qa2 39. Qxb7 Qxb1 40. Kf2 Qb3 41. Qxf7 Qxf7 42. Nxf7 g5 43. b7 g4 44. Nxh6 Kg7 45. Nxg4 Nd7 46. Nxe5 Nb8 47. Nd7 Nc6 48. b8Q Nxb8 49. Nxb8 c4 50. Nc6 d3 51. exd3 cxd3 52. Ke3 Kg6 53. e5 d2 54. Kxd2 Kf7 55. Bd7 Kg7 56. e6 Kh6 57. e7 Kh7 58. e8Q Kg7 59. Ne5 Kh7 60. Qg6 Kh8 61. Nf7  1-0

[Event "2009 Canadian Youth Chess Championship"]
[Site "Victoria Canada"]
[EventDate "2009.07.21"]
[Date "2009.07.22"]
[Round "4"]
[White "Violette, Sebastien"]
[WhiteTitle "-"]
[WhiteElo "1150"]
[Black "Farias, Durval"]
[BlackTitle "-"]
[BlackElo "828"]
[Result "1-0"]
[Source "MonRoi"]

1. e4 e6 2. d4 g6 3. Nc3 h6 4. Bd3 Bg7 5. Nf3 Nf6 6. e5 Ng4 7. Qe2 h5 8. Bg5 f6 9. exf6 Bxf6 10. Bxg6 Kf8 11. h4 Kg7 12. Bd3 d5 13. Bxf6 Kxf6 14. Ne5 Nxe5 15. Qxe5 Kf7 16. O-O-O a5 17. Rh3 Rh6 18. Rf3 Rf6 19. Qxh5 Ke7 20. Rxf6 Kxf6 21. Qg6 Ke7 22. Qg5 Ke8 23. Bg6 Kd7 24. Qxd8 Kxd8 25. h5 Bd7 26. h6 Nc6 27. h7 Ke7 28. Rh1 Kf6 29. Bd3 Rh8 30. Nb5 Nb4 31. Nxc7 Nxa2 32. Kd2 a4 33. Bb5 Bxb5 34. Nxb5 e5 35. dxe5 Kxe5 36. f3 Kf6 37. Ke3 Kg7 38. Kd4 Rxh7 39. Rxh7 Kxh7 40. Kxd5 Nc1 41. f4 Ne2 42. f5 Nf4 43. Ke5 Nxg2 44. f6 Nh4 45. f7 Ng6 46. Kf6 b6 47. c4 Kh6 48. Nd6 Kh7 49. Nc8 a3 50. bxa3 Nf8 51. Nxb6 Kh8 52. c5 Ng6 53. c6 Kh7 54. c7 Kh8 55. c8Q Kh7 56. Qg8 Kh6 57. Qxg6  1-0

[Event "2009 Canadian Youth Chess Championship"]
[Site "Victoria Canada"]
[EventDate "2009.07.21"]
[Date "2009.07.22"]
[Round "4"]
[White "Napieralski, Owen"]
[WhiteTitle "-"]
[WhiteElo "802"]
[Black "Sirkovich, Daniel"]
[BlackTitle "-"]
[BlackElo "1292"]
[Result "0-1"]
[Source "MonRoi"]

1. e4 c5 2. Nf3 d6 3. d4 cxd4 4. Nxd4 Nf6 5. Nc3 g6 6. Nf3 Bg7 7. Bd3 O-O 8. Bd2 Nc6 9. O-O Bg4 10. h3 Bxf3 11. Qxf3 Ne5 12. Qe2 Nxd3 13. cxd3 Rc8 14. Rac1 Re8 15. Qe3 b6 16. f3 Nh5 17. Qe2 Ng3 18. Qf2 Nxf1 19. Qxf1 Bd4 20. Kh1 Bxc3 21. Bxc3 Rc7 22. Qf2 b5 23. Qd4 e5 24. Qe3 Qc8 25. a3 f6 26. f4 Rd8 27. fxe5 dxe5 28. Qd2 a5 29. Qc2 b4 30. axb4 axb4 31. Qb3 Kg7 32. Qxb4 Rxd3 33. Kh2 Rb7 34. Qa5 Qc6 35. Bd2 Qd7 36. Bb4 Rb3 37. Ba3 R3b5 38. Qc3 Rb3 39. Qc5 Qe8 40. Qc8 Qxc8 41. Rxc8 Rb8 42. Rc7 Kh6 43. g4 Rxb2 44. Bxb2 Rxb2 45. Kg1 Re2 46. Kf1 Rxe4 47. Rc6 Rf4 48. Ke2 Kg5 49. Rc3 h5 50. gxh5 Kxh5 51. Rg3 g5 52. Ke3 Kh4 53. Rg4 Rxg4 54. hxg4 Kxg4 55. Kf2 f5 56. Ke2 Kg3 57. Kf1 Kh2 58. Kf2 g4 59. Ke3 f4 60. Ke4 f3 61. Kd3 f2 62. Ke2 Kg2 63. Ke3 g3 64. Ke4 f1Q 65. Kxe5 Kh1 66. Ke6 g2 67. Ke7 g1Q 68. Ke6 Qe3 69. Kd5 Qd1 70. Kc6 Qc3 71. Kb5 Qdb3 72. Ka6 Qa1  0-1

[Event "2009 Canadian Youth Chess Championship"]
[Site "Victoria Canada"]
[EventDate "2009.07.21"]
[Date "2009.07.22"]
[Round "4"]
[White "Gugel, Brett"]
[WhiteTitle "-"]
[WhiteElo "1308"]
[Black "Deng, Yi"]
[BlackTitle "-"]
[BlackElo "695"]
[Result "1/2-1/2"]
[Source "MonRoi"]

1. e4 e5 2. Nf3 Nc6 3. Bb5 Nf6 4. O-O Be7 5. Re1 Nd4 6. Nxd4 exd4 7. e5 Nd5 8. d3 O-O 9. Bc4 Nb6 10. Bb3 a5 11. a3 d5 12. c3 c5 13. cxd4 cxd4 14. Bf4 a4 15. Ba2 Be6 16. Nd2 Rc8 17. Rc1 Rxc1 18. Qxc1 Qc8 19. Nf3 Bc5 20. Qc2 Bf5 21. Rc1 Be7 22. Nxd4 Qxc2 23. Rxc2 Bxd3 24. Rc7 Bd8 25. Rc3 Bg6 26. h3 Re8 27. Re3 Kf8 28. g4 h6 29. Nf5 Bxf5 30. gxf5 f6 31. exf6 Rxe3 32. fxg7 Kxg7 33. Bxe3 Nc4 34. Bxc4 dxc4 35. Kf1 Bf6 36. Bc1 b5 37. Ke2 h5 38. Ke3 Kf7 39. Ke4 c3 40. bxc3 Bxc3 41. Kd5 b4 42. axb4 Bxb4 43. Kc4 Be7 44. Kb5 a3 45. Ka4 a2 46. Bb2 Bf6 47. Kb3 a1Q 48. Bxa1 Bxa1 49. Kc2 Kf6 50. Kd3 Kxf5 51. Ke3 h4 52. Kf3 Bd4 53. Kg2 Kf4 54. Kh1 Bxf2 55. Kg2 Ba7 56. Kh1 Bb8 57. Kg2 Bc7 58. Kh1 Kg3 59. Kg1 Kxh3 60. Kh1 Kg4 61. Kg1 h3 62. Kh1 Kf3 63. Kg1 h2 64. Kh1 Ke2 65. Kg2 Ke1 66. Kh1 Ke2 67. Kg2 Ke3 68. Kh1 Kf4 69. Kxh2  1/2-1/2